Hardest typing ever Quiz Stats

 Plays Quiz not verified by Sporcle

Score 0/225 Timer 13:00
0 Plays Today
Type this Type this % Correct
????
100%
????
98.7%
????
98.1%
????
98.1%
????
98.1%
????
98.1%
????
98.1%
????
98.1%
????
98.1%
????
98.1%
????
98.1%
????
98.1%
????
98.1%
????
98.1%
????
98.1%
????
98.1%
????
98.1%
????
96.2%
????
96.2%
????
96.2%
????
96.2%
????
96.2%
????
96.2%
????
94.9%
????
94.9%
????
94.9%
????
94.9%
????
94.9%
????
94.9%
????
94.9%
????
94.9%
????
94.2%
????
94.2%
????
94.2%
????
94.2%
????
94.2%
????
94.2%
????
94.2%
????
94.2%
????
94.2%
????
94.2%
????
94.2%
????
94.2%
????
94.2%
????
92.3%
????
92.3%
????
92.3%
????
92.3%
????
92.3%
????
92.3%
????
89.7%
????
89.7%
????
89.7%
????
89.7%
????
89.7%
????
89.7%
????
89.7%
????
89.7%
????
89.7%
????
89.7%
????
89.7%
????
89.7%
????
89.7%
????
89.7%
????
89.7%
????
89.7%
????
89.7%
????
89.7%
????
89.7%
????
89.7%
????
89.7%
????
89.7%
????
89.7%
????
89.7%
????
89.7%
Type this Type this % Correct
????
89.1%
????
89.1%
????
89.1%
????
89.1%
????
89.1%
????
86.5%
????
85.9%
????
85.9%
????
85.9%
????
84%
????
84%
????
84%
????
84%
????
84%
????
84%
????
84%
????
84%
????
84%
????
84%
????
84%
????
84%
????
84%
????
84%
????
84%
????
84%
????
84%
????
84%
????
84%
????
84%
????
84%
????
84%
????
84%
????
84%
????
84%
????
84%
????
84%
????
84%
????
84%
????
84%
????
84%
????
84%
????
84%
????
84%
????
84%
????
84%
????
83.3%
????
83.3%
????
83.3%
????
83.3%
????
83.3%
????
83.3%
????
82.7%
????
82.7%
????
82.7%
????
82.7%
????
82.7%
????
82.7%
????
82.7%
????
82.7%
????
82.7%
????
82.7%
????
82.7%
????
82.1%
????
80.1%
????
76.3%
????
74.4%
????
73.7%
????
73.7%
????
73.7%
????
71.8%
????
69.9%
????
69.2%
????
68.6%
????
68.6%
????
67.3%
Type this Type this % Correct
????
67.3%
????
66.7%
????
65.4%
????
64.1%
????
61.5%
????
61.5%
????
61.5%
????
61.5%
????
61.5%
????
59.6%
????
59.6%
????
57.7%
????
57.7%
????
56.4%
????
55.8%
????
55.8%
????
55.8%
????
55.8%
????
55.8%
????
55.8%
????
55.8%
????
51.3%
????
49.4%
????
48.7%
????
44.9%
????
43.6%
????
19.2%
????
19.2%
????
19.2%
????
19.2%
????
19.2%
????
19.2%
????
19.2%
????
19.2%
????
19.2%
????
19.2%
????
19.2%
????
19.2%
????
18.6%
????
18.6%
????
18.6%
????
18.6%
????
18.6%
????
18.6%
????
17.9%
????
14.7%
????
14.7%
????
14.7%
????
14.7%
????
14.7%
????
14.7%
????
14.7%
????
14.7%
????
14.7%
????
14.7%
????
11.5%
????
11.5%
????
11.5%
????
11.5%
????
11.5%
????
7.7%
????
7.1%
????
7.1%
????
4.5%
????
4.5%
????
4.5%
????
4.5%
????
4.5%
????
4.5%
????
4.5%
????
4.5%
????
4.5%
????
4.5%
????
4.5%
????
4.5%

You're not logged in!

Compare scores with friends on all Sporcle quizzes.
OR
Log In

Show Comments

Extras

Created Feb 24, 2012ReportNominate
Tags:Typing Quiz, hard, uber

Top Quizzes Today


Score Distribution

Your Account Isn't Verified!

In order to create a playlist on Sporcle, you need to verify the email address you used during registration. Go to your Sporcle Settings to finish the process.

Report this User

Report this user for behavior that violates our Community Guidelines.

Details: